000 00666nam a2200181 a 4500
001 BRCA_151
005 20190320202912.0
008 190508s2005----mx-#######---#000-0#spa-#
020 _a0863555497
050 4 _aAM2
_b.M47 2005
245 1 0 _aLos museos de cara al siglo XXI
_bseminario de administración de museos.
260 _aMéxico
_bBritish Council : CONACULTA : INAH : INBA : Universidad Iberoamericana
_c2005
300 _a132 p.
_c21 cm.
500 _aMemorias del seminario realizado en la Ciudad de México, 6-10 octubre, 2003
500 _a2do. ejemplar en el Área de Investigación
650 1 4 _aMuseos
_vCongresos
_xAdministración
_9582
942 _2lcc
_cB
999 _c130
_d130